| 000 | 01166nam a22003137a 4500 | ||
|---|---|---|---|
| 003 | CHAP | ||
| 005 | 20220329135047.0 | ||
| 008 | 971013s1973 r 00010 d | ||
| 010 | _a30314 | ||
| 011 | _a31286 | ||
| 035 | _a35398 | ||
| 040 | _cCHAP | ||
| 090 | _aFolleto 8856 | ||
| 100 | 0 | 0 |
_aMandel, Ernest. _970346 |
| 245 | _aConferencias dictadas durante los cursos de invierno de la Facultad de Ciencias Políticas y Sociale en febrero de 1972 | ||
| 260 |
_aPuebla, Pue. : _bUniversidad Autónoma de Puebla. Escuela de Fisolofía y Letras, _c1973 |
||
| 300 | _a55 p | ||
| 505 | _aContenido: La proleterización del trabajo intelectual.- La crisis de la Universidad Burguesa.- La unidad de la Teoría y la práctica | ||
| 590 |
_aBATCH-UPD _b10 _c20130109 _lUCH01 _h2349 |
||
| 590 |
_aBATCH-UPD _b10 _c20130110 _lUCH01 _h1002 |
||
| 590 |
_aCONVERSION _b10 _c20130109 _lUCH01 _h1317 |
||
| 650 | 1 | 4 |
_aCapitalismo. _918711 |
| 650 | 1 | 4 |
_aSocialismo. _9108040 |
| 650 | 1 | 4 |
_aUniversidades. _9116595 |
| 901 | _aBK | ||
| 942 | _cFOLL | ||
| 949 |
_aFolleto 8856 _bBC _cFOLL _d-81818 _eTS1 _i35398 _mD _si |
||
| 949 |
_aFolleto 8856 _bBC _cFOLL _d-81819 _eTS2 _fc.2 _i35398 _mD _si |
||
| 999 |
_c30314 _d30314 |
||